| 000 | 00653nam a2200181 a 4500 | ||
|---|---|---|---|
| 005 | 20210223122700.0 | ||
| 035 | _aUPN01000039744 | ||
| 049 | _aCG | ||
| 050 | 4 |
_aF3715 _bV3.4 |
|
| 100 | 1 | _aVargas, José María, Fray | |
| 245 | 1 | 0 |
_aMisiones ecuatorianas en archivos europeos / _cFray José María Vargas. |
| 260 |
_aMéxico : _bInstituto Panamericano de Geografía e Historia, _c1956. |
||
| 300 | _a192 p. | ||
| 440 | 0 |
_aMisiones americanas en los archivos europeos ; _v9 |
|
| 440 | 1 |
_a[Publicaciones] / Instituto Panamericano de Geografía e Historia. _pComisión de Historia ; _v80 |
|
| 651 | 4 |
_aECUADOR - _xHISTORIA - _vFUENTES _916874 |
|
| 905 | _aLibro | ||
| 999 |
_c39744 _d39744 |
||